<A> Contribution to Decision-making Situations of the Quality Management

Saved in:
Bibliographic Details
Main Author: Kollár, Vojtech
Other Authors: Filípeková, Jana, Peller, Ivan
Format: Book Chapter
Language:English
Tags: Add Tag
No Tags, Be the first to tag this record!

MARC

LEADER 00000naa$a2200000$$$4500
001 0158117
005 20240502083351.5
041 0 |a eng 
044 |a PL 
245 1 0 |a <A> Contribution to Decision-making Situations of the Quality Management  |c Vojtech Kollár, Jana Filípeková, Ivan Peller 
500 |a Abstrakt 
100 1 |a Kollár, Vojtech 
700 1 |a Filípeková, Jana 
700 1 |a Peller, Ivan